| 000 | 01049nam a2200301 a 4500 | ||
|---|---|---|---|
| 999 |
_c1008 _d1008 |
||
| 001 | 1590249 | ||
| 003 | OSt | ||
| 005 | 20180903112114.0 | ||
| 008 | 931018s1993 ilua b 000 0 eng d | ||
| 010 | _a 93219054 | ||
| 020 | _a0802426425 | ||
| 035 | _a(OCoLC)28356172 | ||
| 040 |
_aLGrJ _cLGrJ _dDLC |
||
| 042 | _alccopycat | ||
| 050 | 0 | 0 |
_aBT734.2 _b.W356 1993 |
| 082 | 0 | 0 |
_a261.8/348 _220 _bW317B |
| 100 | 1 | _aWashington, Raleigh. | |
| 245 | 1 | 0 |
_aBreaking down walls : _ba model for reconciliation in an age of racial strife / _cRaleigh Washington and Glen Kehrein. |
| 260 |
_aChicago : _bMoody Press, _cc1993. |
||
| 300 |
_a241 p. : _bill. ; _c24 cm. |
||
| 504 | _aIncludes bibliographical references. | ||
| 650 | 0 |
_aRacism _xReligious aspects _xChristianity. |
|
| 650 | 0 |
_aReconciliation _xReligious aspects _xChristianity. |
|
| 700 | 1 | _aKehrein, Glen. | |
| 906 |
_a7 _bcbc _ccopycat _d2 _encip _f19 _gy-gencatlg |
||
| 942 |
_2ddc _cBK |
||